01458nab a2200265 uc450000100070000000500170000700800410002403500110006503500210007604000130009704100080011010000450011824500790016326000100024252005600025261000480081261000510086065000250091165000240093665000350096065000410099565000330103665000300106977300930109984028620240718090303.0030827e20030501 spa  a840286 a(OCoLC)820073595 ccomduadb aspa10aVillarraga Sarmiento, Álvaro4auteaut10aMovimiento ciudadano por la paz : antecedentes, experiencias y discusiones c2003.3 aSe cumple una decada de la aparicion en el panorama nacional de un sinnumero de actividades realizadas por colectivos de organizaciones sociales que han sido reconocidas como las iniciativas de paz; su impacto ha sido notorio en la opinion publica y con poder de incidencia ante los gobiernos y los actores armados participantes en la guerra. Sobre esta base podemos discutir que durante los anos noventa surgio un nuevo movimiento ciudadano, el cual presenta particularidades y resume basicamente las caracteristicas atribuias a los movimientos sociales.24aFuerzas Armadas Revolucionarias de Colombia24aEjército de Liberación Nacional (Colombia) aMovimiento ciudadano 7aPazzColombia2lemb 7aProceso de pazzColombia2lemb 7aMovimientos socialeszColombia2lemb aRuta Pacifica de las Mujeres aSociedad civil - Colombia0 tRevista Foro (Santafé de Bogotá)gNo. 47, May. 2003, p. 41-56w6971x0121-255904662